000 01021nas a2200325 4500
001 BR2014004156
003 BR-BrBNA
005 20231205124225.0
007 ta
008 230509b bl.|||p| |||| 00| 00por d
040 _aBR-BrBNA
_bpor
_cBiblioteca Nacional de Agricultura
041 _a(Pt)
072 _aL10; L02
100 1 _aFreitas, D. de
100 1 _aFregadolli, F.L.
100 1 _aBertipaglia, L.M.A.
100 1 _aMelo, G.M.P. de
100 1 _aReis, R.A.
100 1 _aBerchielli, T.T.
245 1 _aSuplementação da dieta de novilhos de três grupos genéticos em pastagem de Brachiaria brizantha cv. Marandu
650 _aBOVINO
650 _aBRACHIARIA BRIZANTHA
650 _aDIETA
650 _aSUPLEMENTO ALIMENTAR
650 _aPASTAGEM
650 _aMELHORAMENTO GENÉTICO ANIMAL
773 0 _tActa Scientiarum. Animal Sciences (Brazil)
_xISSN 1806-2636
_g(Oct-Dec 2011), v. 33(4) p. 417-425
_wBR2014004156
909 _a202311
_bLúcia
_c55
_dLúcia Elande
942 _2AGRIS
_n0
_cANA
999 _c237960
_d237960